| 000 | 01685 a2200409 4500 | ||
|---|---|---|---|
| 001 | 200128820 | ||
| 003 | TR-AnTOB | ||
| 005 | 20250618133613.0 | ||
| 008 | 130318s2011 tu 000 0 | ||
| 035 | _a200128820 | ||
| 040 |
_aTR-AnTOB _cTR-AnTOB |
||
| 041 | _atur | ||
| 050 | 0 | 0 |
_aHD7105.35.T9 _bA48 2011 |
| 090 | _aHD7105.35.T9 A48 2011 | ||
| 100 | 1 |
_aAltıntaş, Ahmet _917427 |
|
| 245 | 1 | 0 |
_aSosyal güvenlik reformu ve kamu görevlilerinin yaşlılık aylıkları / _cAhmet Altıntaş ; [tez danışmanı], Şükrü Kızılot. |
| 264 | 1 |
_aAnkara: _bSosyal Güvenlik Kurumu, _c2011. |
|
| 300 |
_a149 p. : _bill. ; _c21 cm. |
||
| 500 | _aSosyal Güvenlik Uzmanlık Tezi, Kasım 2009. | ||
| 504 | _aIncludes bibliographical references. | ||
| 650 | 0 | 0 |
_aSosyal güvenlik _xHukuk ve mevzuat _zTürkiye _9103531 |
| 650 | 0 |
_aPension trusts _zTurkey _932482 |
|
| 650 | 0 |
_aYaşlılık aylıkları _zTürkiye _932483 |
|
| 650 | 0 |
_aEmekli tröstleri _zTürkiye _987500 |
|
| 650 | 0 | 7 |
_aYaşlılık aylıkları _xHukuk ve mevzuat _zTürkiye _2etuturkob _987514 |
| 650 | 0 | 0 |
_aSocial security _xLaw and legislation _zTurkey _938902 |
| 651 | 0 |
_aTurkey _xOfficials and employees _xSalaries, etc. _987517 |
|
| 651 | 0 |
_aTürkiye _xMemurlar ve çalışanlar _xEmekli maaşları _987518 |
|
| 651 |
_aTurkey _xOfficials and employees _xPensions _987519 |
||
| 651 | 0 |
_aTürkiye _xMemurlar ve çalışanlar _xEmeklilik _987520 |
|
| 651 |
_aTurkey _xOfficials and employees _xRetirement _987521 |
||
| 651 | 7 |
_aTürkiye _xMemurlar ve çalışanlar _xMaaşlar, vb. _2etuturkob _952774 |
|
| 700 | 1 |
_aKızılot, Şükrü, _d1958-2017. _941754 |
|
| 710 | 2 |
_aSosyal Güvenlik Kurumu _987440 |
|
| 942 |
_cBK _2lcc |
||
| 999 |
_c200128820 _d21112 |
||